This, But Not That Quiz Stats

 Plays Quiz Updated Apr 10, 2017

Support Sporcle.
Go Orange.
Score 0/18 Timer 05:00
1 Play Today
% Correct
Elements of the US Flag
93.4%
Current Ford Car Models
90.8%
Ivy League Schools
90.5%
Names of New York City Boroughs
89%
Clue Weapons
88%
Playing Card Suits
87.3%
MLB Teams
83%
NFL Teams
81.9%
Shapes of Sports Fields
81.4%
% Correct
World Capitals
80.5%
Gaseous Celestial Bodies
79.8%
Signs of the Zodiac
79.7%
NBA Teams
69.8%
Greek Gods
69.5%
NASA Astronaut Missions
61.2%
Chemical Elements
59.3%
Beatles Albums
56.2%
Hitchcock Movies
47.1%

From the Vault

Movies Certification Ratings

by senordingdong

Movies 3m
The following quiz has been approved for all audiences.
Remove Ads.
Support Sporcle.
Get the best of Sporcle when you Go Orange. This ad-free experience offers more features, more stats, and more fun while also helping to support Sporcle. Thank you for becoming a member.

Show Comments

Extras

Top Quizzes Today


Score Distribution

Your Account Isn't Verified!

In order to create a playlist on Sporcle, you need to verify the email address you used during registration. Go to your Sporcle Settings to finish the process.

Report this User

Report this user for behavior that violates our Community Guidelines.

Details: